प्रेयसी / (Record no. 207116)
[ view plain ]
| 000 -LEADER | |
|---|---|
| fixed length control field | 00755nam a22001937a 4500 |
| 005 - DATE AND TIME OF LATEST TRANSACTION | |
| control field | 20241128112549.0 |
| 010 ## - LCCN (DPL NO) | |
| LC control number | HIN-128848 |
| 020 ## - INTERNATIONAL STANDARD BOOK NUMBER | |
| International Standard Book Number | 9789394632042 |
| Terms of availability | 375.00 |
| 035 ## - SYSTEM CONTROL NUMBER | |
| System control number | HN-101194 |
| 037 ## - SOURCE OF ACQUISITION | |
| Source of stock number/acquisition | DBAD |
| 082 ## - DEWEY DECIMAL CLASSIFICATION NUMBER | |
| Classification number | उ |
| 100 ## - MAIN ENTRY--PERSONAL NAME | |
| Personal name | तिवार, विद्याभूषण |
| 245 ## - TITLE STATEMENT | |
| Title | प्रेयसी / |
| Statement of responsibility, etc | विद्याभूषण तिवारी |
| 250 ## - EDITION STATEMENT | |
| Edition statement | प्रथम |
| 260 ## - PUBLICATION, DISTRIBUTION, ETC. (IMPRINT) | |
| Place of publication, distribution, etc | मुंबई |
| Name of publisher, distributor, etc | संस्कार साहित्तिय माला |
| Date of publication, distribution, etc | 2023 |
| 270 ## - ADDRESS | |
| Address | 407, कृष्णा विहार, टाटा कम्पाउंड |
| City | मुंबई |
| Postal code | 400058 |
| 300 ## - PHYSICAL DESCRIPTION | |
| Extent | 218 पृ. |
| Dimensions | 22 सेमी (अजिल्द) |
| 942 ## - ADDED ENTRY ELEMENTS (KOHA) | |
| Source of classification or shelving scheme | Dewey Decimal Classification |
| Item type | Hindi Books |
| Classification part | उ |
| Call number suffix | तिवारी |
| Withdrawn status | Lost status | Not for loan | Collection code | Home library | Current library | Date acquired | Source of acquisition | Cost, normal purchase price | Full call number | Barcode | Copy number | Cost, replacement price | Koha item type |
|---|---|---|---|---|---|---|---|---|---|---|---|---|---|
| Fiction | Bawana | Bawana | 27/11/2024 | DBAD | 375.00 | उ तिवारी | HN-101194 | 1 | 375.00 | Hindi Books |
